Zachovanie mlčanlivosti po skončení pracovného pomeru

Povinnosť zachovávať mlčanlivosť v Zakonníku práce. Zachovávanie mlčanlivosti po skončení pracovného pomeru. Zákon nevylučuje uzatvorenie ustanovenia v pracovnej zmluve o povinnosti zachovávania mlčanlivosti po skončení pracovného pomeru, ale dohodnutá sankcia za jej porušenie nie je za súčasného le...

Ausführliche Beschreibung

Gespeichert in:
Bibliographische Detailangaben
1. Verfasser: Sninčák, Tomáš
Format: Buchkapitel
Sprache:Slowakisch
Schlagworte:
Tags: Tag hinzufügen
Keine Tags, Fügen Sie das erste Tag hinzu!

MARC

LEADER 00000naa a2200000 4500
001 0152077
005 20231120125513.1
041 0 |a slo 
044 |a SK 
245 1 0 |a Zachovanie mlčanlivosti po skončení pracovného pomeru  |c Tomáš Sninčák 
520 |a Povinnosť zachovávať mlčanlivosť v Zakonníku práce. Zachovávanie mlčanlivosti po skončení pracovného pomeru. Zákon nevylučuje uzatvorenie ustanovenia v pracovnej zmluve o povinnosti zachovávania mlčanlivosti po skončení pracovného pomeru, ale dohodnutá sankcia za jej porušenie nie je za súčasného legislatívneho stavu vymožiteľná. 
610 2 0 |a pomer pracovný 
610 2 0 |a skončenie pomeru pracovného 
610 2 0 |a tajomstvo profesijné 
610 2 0 |a ochrana údajov osobných 
100 1 |a Sninčák, Tomáš